<?xml version="1.0" encoding="UTF-8"?>
<marc:record xmlns:marc="http://www.loc.gov/MARC21/slim">
   <marc:leader>00000nam a2200000 a 4500</marc:leader>
   <marc:datafield ind1="1" ind2=" " tag="100">
      <marc:subfield code="a">Gansch, Katha</marc:subfield>
      <marc:subfield code="4">aut</marc:subfield>
      <marc:subfield code="e">Verfasser/-in</marc:subfield>
   </marc:datafield>
   <marc:datafield ind1=" " ind2=" " tag="653">
      <marc:subfield code="a">New Adult Buch Liebesroman</marc:subfield>
   </marc:datafield>
   <marc:datafield ind1=" " ind2=" " tag="653">
      <marc:subfield code="a">Slow Burn Romance Fantasy</marc:subfield>
   </marc:datafield>
   <marc:datafield ind1=" " ind2=" " tag="653">
      <marc:subfield code="a">Große Gefühle</marc:subfield>
   </marc:datafield>
   <marc:datafield ind1=" " ind2=" " tag="653">
      <marc:subfield code="a">starke weibliche heldin</marc:subfield>
   </marc:datafield>
   <marc:datafield ind1=" " ind2=" " tag="653">
      <marc:subfield code="a">fae romance</marc:subfield>
   </marc:datafield>
   <marc:datafield ind1=" " ind2=" " tag="653">
      <marc:subfield code="a">friends to lovers forbidden love Romantasy</marc:subfield>
   </marc:datafield>
   <marc:datafield ind1=" " ind2=" " tag="653">
      <marc:subfield code="a">hidden powers the chosen one geschichte Buch</marc:subfield>
   </marc:datafield>
   <marc:datafield ind1=" " ind2=" " tag="653">
      <marc:subfield code="a">spicy high fantasy romance</marc:subfield>
   </marc:datafield>
   <marc:datafield ind1=" " ind2=" " tag="653">
      <marc:subfield code="a">Found family romantasy bücher</marc:subfield>
   </marc:datafield>
   <marc:datafield ind1=" " ind2=" " tag="653">
      <marc:subfield code="a">Fiktionale Darstellung</marc:subfield>
   </marc:datafield>
   <marc:datafield ind1=" " ind2=" " tag="653">
      <marc:subfield code="a">Fantasy</marc:subfield>
   </marc:datafield>
   <marc:datafield ind1="0" ind2="0" tag="245">
      <marc:subfield code="a">Fall of the Fae era</marc:subfield>
   </marc:datafield>
   <marc:datafield ind1="0" ind2="0" tag="245">
      <marc:subfield code="c">Katha Gansch</marc:subfield>
   </marc:datafield>
   <marc:datafield ind1=" " ind2="1" tag="264">
      <marc:subfield code="a">Hamburg</marc:subfield>
      <marc:subfield code="b">COVE</marc:subfield>
   </marc:datafield>
   <marc:datafield ind1="1" ind2=" " tag="490">
      <marc:subfield code="a">Gaze of Iladri</marc:subfield>
      <marc:subfield code="v">Band 1</marc:subfield>
   </marc:datafield>
   <marc:datafield ind1=" " ind2=" " tag="250">
      <marc:subfield code="a">Originalausgabe</marc:subfield>
   </marc:datafield>
   <marc:datafield ind1="1" ind2=" " tag="520">
      <marc:subfield code="a">**Eine Fae darf nicht lieben – erst recht nicht einen Menschen** 
&lt;br&gt;
Ava ist die wertvollste Waffe der Krone. Die gefürchtete Gabe der seltenen Fae ist vom Königshaus begehrt. Doch Ava gelang die Flucht … zu einem hohen Preis: Sie musste nicht nur ihre Schwester, sondern auch Tarim zurücklassen – ihren Verbündeten und den Mann, den sie liebt, obwohl sie es nicht darf. Als ein geheimnisvoller Hilferuf sie zurück in den Palast zwingt, wagt sie das Unmögliche: die Befreiung ihrer Schwester und den Sturz der Königin. Tarim schafft es sie in den Palast zu schleusen, wo jedes Bündnis trügerisch ist und Verrat hinter jedem Lächeln lauert. Gefangen in einem Netz aus Täuschung und Hass wird Ava selbst zur Spielfigur – und riskiert alles, was sie liebt. 
Packend, düster und voller Leidenschaft. »Fall of the Fae Era« ist für Fans epischer Fantasy und starker Heldinnen. 
//Dies ist der erste Band der fesselnden Fantasy-Dilogie »Gaze of Iladri«. Alle Romane der epischen Romantasy:
&lt;br&gt;
-- Band 1: Fall of the Fae Era
&lt;br&gt;
-- Band 2: Rise of the Dark Fae// 
&lt;br&gt;
</marc:subfield>
   </marc:datafield>
   <marc:datafield ind1=" " ind2=" " tag="020">
      <marc:subfield code="a">9783551306265</marc:subfield>
      <marc:subfield code="9">9783551306265</marc:subfield>
   </marc:datafield>
   <marc:datafield ind1=" " ind2=" " tag="020">
      <marc:subfield code="a">3551306265</marc:subfield>
      <marc:subfield code="9">3551306265</marc:subfield>
   </marc:datafield>
   <marc:datafield ind1=" " ind2=" " tag="041">
      <marc:subfield code="a">ger</marc:subfield>
   </marc:datafield>
   <marc:datafield ind1=" " ind2=" " tag="300">
      <marc:subfield code="a">466 Seiten</marc:subfield>
   </marc:datafield>
</marc:record>
